00347nam a2200133Ia 4500008004100000041000800041082001400049100002200063245004500085250001400130260003500144300002700179365000700206240624s9999 xx 000 0 und d aeng a004.6 CIS aCISCO SYSTEMS INC aCISCO NETWORKING ACADEMY PROGRAM LAB COM a(2nd ed.) c2002aDelhibPearson Education aviii, : 280 : cm. ; 24 cRS